000 00510nam a2200193 a 4500
001 1771067063076
003 YourLibrary
005 20260214163803.0
008 260214s2000##################000#0#eng##
020 _a9780198601173
082 0 4 _a307.760941
_bWAL
100 1 _aWaller, Philip J.,
_eauthor.
245 1 0 _aThe English Urban Landscape :
260 _bOxford University Press,
_c2000.
300 _a352 pages
650 0 _aHistory.
942 _cENGLISH
040 _aYourLibrary
_beng
_cYourLibrary
999 _c612493
_d612493